<?xml version="1.0" encoding="UTF-8"?>
<record
    xmlns:xsi="http://www.w3.org/2001/XMLSchema-instance"
    xsi:schemaLocation="http://www.loc.gov/MARC21/slim http://www.loc.gov/standards/marcxml/schema/MARC21slim.xsd"
    xmlns="http://www.loc.gov/MARC21/slim">

  <leader>01159cam a2200301 i 4500</leader>
  <controlfield tag="001">1147101</controlfield>
  <controlfield tag="003">YEEZEN</controlfield>
  <controlfield tag="005">20250701150115.0</controlfield>
  <controlfield tag="008">250416s2024    ch     g      000 0 chi c</controlfield>
  <datafield tag="020" ind1=" " ind2=" ">
    <subfield code="a">9786267468449</subfield>
    <subfield code="q">(&#x5E73;&#x88DD;) :</subfield>
    <subfield code="c">NT$420</subfield>
  </datafield>
  <datafield tag="040" ind1=" " ind2=" ">
    <subfield code="a">PTTCL</subfield>
    <subfield code="b">chi</subfield>
    <subfield code="c">PTTCL</subfield>
  </datafield>
  <datafield tag="042" ind1=" " ind2=" ">
    <subfield code="a">nbic</subfield>
  </datafield>
  <datafield tag="084" ind1=" " ind2=" ">
    <subfield code="a">177.2</subfield>
    <subfield code="2">ncsclt</subfield>
  </datafield>
  <datafield tag="090" ind1=" " ind2=" ">
    <subfield code="a">177.2</subfield>
  </datafield>
  <datafield tag="100" ind1="1" ind2=" ">
    <subfield code="a">&#x5433;&#x59F5;&#x7469;</subfield>
  </datafield>
  <datafield tag="245" ind1="1" ind2="0">
    <subfield code="a">&#x4F60;&#x9019;&#x9EBC;&#x597D;, &#x70BA;&#x4EC0;&#x9EBC;&#x6C92;&#x81EA;&#x4FE1;? :</subfield>
    <subfield code="b">&#x627F;&#x63A5;&#x5167;&#x5728;&#x8106;&#x5F31;, &#x4E09;&#x968E;&#x6BB5;&#x91CD;&#x5EFA;&#x7A69;&#x56FA;&#x7684;&#x81EA;&#x6211;, &#x64FA;&#x812B;&#x4ED6;&#x4EBA;&#x773C;&#x5149;, &#x6D3B;&#x51FA;&#x81EA;&#x5DF1;&#x559C;&#x6B61;&#x7684;&#x6A23;&#x5B50; /</subfield>
    <subfield code="c">&#x5433;&#x59F5;&#x7469;&#x8457;</subfield>
  </datafield>
  <datafield tag="246" ind1="1" ind2=" ">
    <subfield code="a">&#x4F60;&#x9019;&#x9EBC;&#x597D;&#x70BA;&#x4EC0;&#x9EBC;&#x6C92;&#x81EA;&#x4FE1;</subfield>
  </datafield>
  <datafield tag="246" ind1="1" ind2=" ">
    <subfield code="a">&#x627F;&#x63A5;&#x5167;&#x5728;&#x8106;&#x5F31;, 3&#x968E;&#x6BB5;&#x91CD;&#x5EFA;&#x7A69;&#x56FA;&#x7684;&#x81EA;&#x6211;, &#x64FA;&#x812B;&#x4ED6;&#x4EBA;&#x773C;&#x5149;, &#x6D3B;&#x51FA;&#x81EA;&#x5DF1;&#x559C;&#x6B61;&#x7684;&#x6A23;&#x5B50;</subfield>
  </datafield>
  <datafield tag="246" ind1="1" ind2=" ">
    <subfield code="a">&#x627F;&#x63A5;&#x5167;&#x5728;&#x8106;&#x5F31;, &#x4E09;&#x968E;&#x6BB5;&#x91CD;&#x5EFA;&#x7A69;&#x56FA;&#x7684;&#x81EA;&#x6211;, &#x64FA;&#x812B;&#x4ED6;&#x4EBA;&#x773C;&#x5149;, &#x6D3B;&#x51FA;&#x81EA;&#x5DF1;&#x559C;&#x6B61;&#x7684;&#x6A23;&#x5B50;</subfield>
  </datafield>
  <datafield tag="246" ind1="1" ind2=" ">
    <subfield code="a">&#x627F;&#x63A5;&#x5167;&#x5728;&#x8106;&#x5F31;&#x4E09;&#x968E;&#x6BB5;&#x91CD;&#x5EFA;&#x7A69;&#x56FA;&#x7684;&#x81EA;&#x6211;&#x64FA;&#x812B;&#x4ED6;&#x4EBA;&#x773C;&#x5149;&#x6D3B;&#x51FA;&#x81EA;&#x5DF1;&#x559C;&#x6B61;&#x7684;&#x6A23;&#x5B50;</subfield>
  </datafield>
  <datafield tag="250" ind1=" " ind2=" ">
    <subfield code="a">&#x7B2C;&#x4E00;&#x7248;</subfield>
  </datafield>
  <datafield tag="260" ind1=" " ind2=" ">
    <subfield code="a">&#x53F0;&#x5317;&#x5E02; :</subfield>
    <subfield code="b">&#x5929;&#x4E0B;&#x96DC;&#x8A8C;,</subfield>
    <subfield code="c">2024.09</subfield>
  </datafield>
  <datafield tag="300" ind1=" " ind2=" ">
    <subfield code="a">295 &#x9762; ;</subfield>
    <subfield code="c">21 &#x516C;&#x5206;</subfield>
  </datafield>
  <datafield tag="490" ind1="0" ind2=" ">
    <subfield code="a">&#x5FC3;&#x9748;&#x6210;&#x9577; ;</subfield>
    <subfield code="v">112.</subfield>
  </datafield>
  <datafield tag="650" ind1=" " ind2="7">
    <subfield code="a">&#x81EA;&#x4FE1;</subfield>
    <subfield code="2">lcstt.</subfield>
  </datafield>
  <datafield tag="650" ind1=" " ind2="7">
    <subfield code="a">&#x81EA;&#x6211;&#x5BE6;&#x73FE;</subfield>
    <subfield code="2">lcstt.</subfield>
  </datafield>
  <datafield tag="942" ind1=" " ind2=" ">
    <subfield code="2">ccl</subfield>
    <subfield code="c">BOOK</subfield>
  </datafield>
  <datafield tag="999" ind1=" " ind2=" ">
    <subfield code="c">7646</subfield>
    <subfield code="d">7646</subfield>
  </datafield>
  <datafield tag="952" ind1=" " ind2=" ">
    <subfield code="0">0</subfield>
    <subfield code="1">0</subfield>
    <subfield code="2">ccl</subfield>
    <subfield code="4">0</subfield>
    <subfield code="7">0</subfield>
    <subfield code="a">yeezen</subfield>
    <subfield code="b">yeezen</subfield>
    <subfield code="c">YEEZEN</subfield>
    <subfield code="d">2025-07-01</subfield>
    <subfield code="l">7</subfield>
    <subfield code="m">2</subfield>
    <subfield code="o">177.2</subfield>
    <subfield code="p">C03228</subfield>
    <subfield code="q">2026-04-27</subfield>
    <subfield code="r">2026-03-23 00:00:00</subfield>
    <subfield code="s">2026-03-23</subfield>
    <subfield code="w">2025-07-01</subfield>
    <subfield code="y">BOOK</subfield>
    <subfield code="z">&#x5F88;&#x591A;&#x4EBA;&#x662F;&#x6C92;&#x81EA;&#x4FE1;&#x3001;&#x6C92;&#x5B89;&#x5168;&#x611F;&#x4EE5;&#x53CA;&#x4E0D;&#x5FEB;&#x6A02;&#x7684;&#x3002;&#x505A;&#x4E8B;&#x8A8D;&#x771F;&#x7684;&#x62DA;&#x547D;&#x4E09;&#x90CE;&#x3001;&#x4E0D;&#x5BB9;&#x8A31;&#x72AF;&#x932F;&#x7684;&#x5B8C;&#x7F8E;&#x4E3B;&#x7FA9;&#x8005;&#x3001;&#x9AD8;&#x6210;&#x5C31;&#x7684;&#x4EBA;&#x751F;&#x52DD;&#x5229;&#x7D44;&#xFF0C;&#x6216;&#x8A31;&#x5728;&#x5916;&#x4EBA;&#x770B;&#x4F86;&#x8A72;&#x6709;&#x7684;&#x90FD;&#x6709;&#x4E86;&#xFF0C;&#x4E5F;&#x53EF;&#x80FD;&#x6B63;&#x4E0D;&#x81EA;&#x89BA;&#x5730;&#x4EE5;&#x5805;&#x5F37;&#x7684;&#x5916;&#x5728;&#xFF0C;&#x63A9;&#x98FE;&#x5167;&#x5FC3;&#x6E34;&#x6C42;&#x88AB;&#x8A8D;&#x540C;&#x7684;&#x6050;&#x61FC;&#xFF0C;&#x70BA;&#x4ED6;&#x4EBA;&#x800C;&#x6D3B;&#x3002;</subfield>
  </datafield>
</record>
